Statistiques concernant Les prénoms en S du plan de Paris

Cliquez ici pour prendre le quiz!

Statistiques générales

  • Ce quiz a été pris 10 fois
  • Le résultat moyen est 8 sur 21

Statistiques - réponses

ArrondissementIndiceNomPrénom% Correct
14eEcrivain / PoèteBeckettSamuelS
100%
19ePsychanalisteFreudSigmundS
100%
19eGénéralBolivarSimonS
90%
17eEcrivain / PoèteMallarméStéphaneS
70%
16eCompositeurProkofievSergeS
60%
7eHomme politiqueAllendeSalvadorS
50%
10eChasseur de NazisWiesenthalSimonS
50%
17eInstrumentisteGrappelliStéphaneS
50%
4eBourgeois de ParisLe FrancSimonS
40%
14eDiplomateHesselStéphaneS
40%
13eHomme politiquePichonStéphenS
30%
7eStatisticienBottinSébastienS
20%
13eArtiste peintrePoliakoffSergeS
20%
18eHomme politiqueDereureSimonS
20%
3eIngénieurde CausSalomonS
10%
15eEcrivain / PoèteMercierSébastienS
10%
17eHomme politiquede HerediaSeverianoS
0%
15eHomme politiqueMichelSextiusS
0%
14eEcrivain / PoèteAzemSlimaneS
0%
20eGéographeMeunierStanislasS
0%
17eEcrivain / PoèteMerrillStuartS
0%

Distribution des résultats

Percentile par nombre de réponses

% des personnes avec chaque résultat

Votre développement - résultats

Vous n’avez pas pris ce quiz